[Event "Chigorin Memorial"]
[Site "St Petersburg"]
[Date "2016.10.22"]
[Round "8.144"]
[White "Zaika, Daniil"]
[Black "Fokin, Anatoly"]
[Result "1-0"]
[WhiteElo "2038"]
[BlackElo "1802"]
[PlyCount "43"]
[EventDate "2016.10.15"]
[EventType "swiss"]
[EventRounds "9"]
[EventCountry "RUS"]

1. c4 e5 2. Nc3 Nf6 3. Nf3 Nc6 4. g3 d6 5. d4 exd4 6. Nxd4 Nxd4 7. Qxd4 Be7 8.
Bg2 c6 9. O-O O-O 10. Rd1 Qc7 11. Bf4 Rd8 12. Qd3 Bg4 13. c5 Ne8 14. Ne4 Qd7
15. cxd6 Bf8 16. Nc5 Qf5 17. Qxf5 Bxf5 18. Nxb7 g5 19. Bxg5 Rd7 20. Bxc6 Rxd6
21. Nxd6 Nxd6 22. Bxa8 1-0

[Event "Chigorin Memorial"]
[Site "St Petersburg"]
[Date "2016.10.22"]
[Round "8.145"]
[White "Titievskaya, Elizaveta"]
[Black "Minbayev, Bolatbek"]
[Result "0-1"]
[WhiteElo "1774"]
[BlackElo "2034"]
[PlyCount "162"]
[EventDate "2016.10.15"]
[EventType "swiss"]
[EventRounds "9"]
[EventCountry "RUS"]

1. e4 e5 2. Nf3 Nc6 3. Bc4 Be7 4. c3 Nf6 5. d3 O-O 6. Nbd2 d5 7. Bb3 Bg4 8. h3
Bh5 9. Qe2 Qd7 10. Nf1 Rfe8 11. Ng3 Bg6 12. O-O Rad8 13. Nh4 d4 14. Bc2 b5 15.
Nhf5 Bf8 16. Bg5 Ne7 17. Bxf6 gxf6 18. Nxe7+ Bxe7 19. h4 h6 20. h5 Bh7 21. Qd2
Bf8 22. f4 Qg4 23. Qf2 Kh8 24. Qf3 Qxf3 25. Rxf3 exf4 26. Rxf4 Bd6 27. Rf3 Bxg3
28. Rxg3 f5 29. exf5 Bxf5 30. Rf1 Re5 31. Rf4 Be6 32. cxd4 Rxh5 33. a3 Rg5 34.
Kf2 Kg7 35. Bd1 Rd6 36. Bf3 a6 37. Ba8 Kf8 38. Rgf3 c6 39. Bb7 Bd5 40. Rf6 Rxf6
41. Rxf6 Rxg2+ 42. Ke3 Rg6 43. Rf2 Ke7 44. Bxa6 Kd7 45. a4 bxa4 46. Bc4 Ke6 47.
Ba6 Rg3+ 48. Kf4 Rg2 49. Rxg2 Bxg2 50. Bc8+ Kf6 51. Bg4 Bd5 52. Bd1 Kg6 53.
Bxa4 Kh5 54. b4 Kg6 55. Bd1 Kf6 56. Bh5 Bg2 57. Bg4 Bd5 58. Bc8 h5 59. Bb7 Ke6
60. Bc8+ Kd6 61. Kg5 Be6 62. Ba6 Bg4 63. Bc4 f6+ 64. Kf4 Be6 65. Kg3 f5 66. Ba6
Kc7 67. Bc4 Kd7 68. Ba6 Bb3 69. Bc4 Bd1 70. d5 cxd5 71. Bxd5 Kd6 72. Bf3 h4+
73. Kf4 Bxf3 74. Kxf3 Kd5 75. Kf4 Kd4 76. Kf3 h3 77. Kg3 Ke3 78. Kxh3 f4 79. d4
f3 80. Kg4 f2 81. Kf5 Kxd4 0-1

[Event "Chigorin Memorial"]
[Site "St Petersburg"]
[Date "2016.10.22"]
[Round "8.147"]
[White "Sheynin, Izrail"]
[Black "Tsao, Yui"]
[Result "1-0"]
[WhiteElo "1982"]
[BlackElo "1768"]
[PlyCount "69"]
[EventDate "2016.10.15"]
[EventType "swiss"]
[EventRounds "9"]
[EventCountry "RUS"]

1. e4 e6 2. d3 d5 3. Nd2 f5 4. exf5 exf5 5. Ngf3 Nf6 6. Be2 Bd6 7. O-O O-O 8.
Re1 c5 9. d4 c4 10. c3 Ne4 11. Nf1 Qc7 12. Ne5 Nc6 13. f4 Be6 14. Be3 b5 15.
Nd2 Rab8 16. a3 a5 17. Rf1 Nxe5 18. fxe5 Be7 19. Qe1 b4 20. axb4 axb4 21. Nxe4
fxe4 22. Qg3 bxc3 23. bxc3 Qd7 24. Bh6 Rxf1+ 25. Rxf1 Bf8 26. Bh5 Rb3 27. h3
Rb8 28. Bg4 Bxg4 29. e6 Qd6 30. Bf4 Qxe6 31. Bxb8 Be2 32. Rf2 Bd3 33. Be5 g6
34. Qg5 h6 35. Qd8 1-0

[Event "Chigorin Memorial"]
[Site "St Petersburg"]
[Date "2016.10.22"]
[Round "8.148"]
[White "Zakharov, Yuri"]
[Black "Stepanov, Andrey"]
[Result "0-1"]
[WhiteElo "1689"]
[BlackElo "1976"]
[PlyCount "56"]
[EventDate "2016.10.15"]
[EventType "swiss"]
[EventRounds "9"]
[EventCountry "RUS"]

1. Nf3 d5 2. g3 c6 3. Bg2 Bg4 4. b3 Nd7 5. Bb2 Ngf6 6. O-O e6 7. d3 Bd6 8. Nbd2
O-O 9. c4 Qe7 10. Re1 e5 11. e4 dxe4 12. dxe4 Rfd8 13. Qc2 Bb4 14. a3 Bxf3 15.
Nxf3 Bxe1 16. Rxe1 Ne8 17. b4 f6 18. c5 Nf8 19. Nh4 Ne6 20. Nf5 Qd7 21. Qc4 g6
22. Ne3 Qf7 23. Ng4 Kg7 24. Qc1 h5 25. Ne3 Kh7 26. h4 Nd4 27. Nc4 Qe6 28. Kf1
Nb3 0-1

[Event "Chigorin Memorial"]
[Site "St Petersburg"]
[Date "2016.10.22"]
[Round "8.149"]
[White "Dushin, Nikolay"]
[Black "Yun, Vyacheslav"]
[Result "1-0"]
[WhiteElo "1948"]
[BlackElo "1766"]
[PlyCount "139"]
[EventDate "2016.10.15"]
[EventType "swiss"]
[EventRounds "9"]
[EventCountry "RUS"]

1. Nf3 d5 2. c4 d4 3. g3 Nc6 4. d3 e5 5. Bg2 Nf6 6. O-O Be7 7. e3 O-O 8. exd4
exd4 9. Re1 Bg4 10. h3 Bh5 11. a3 a5 12. b3 Re8 13. Bb2 Qd7 14. Nbd2 Bc5 15.
Qc2 h6 16. Nh2 Bg6 17. Ndf3 Qd6 18. Red1 Re7 19. Bc1 Rae8 20. Bf4 Qd7 21. g4
Bd6 22. Bd2 Re2 23. Re1 Bxh2+ 24. Nxh2 Rxe1+ 25. Bxe1 Ne5 26. Bf1 Qc6 27. Qd1
Nfd7 28. f4 Qf6 29. fxe5 Nxe5 30. Bf2 Qf4 31. Ra2 c5 32. Qd2 Qf6 33. Bg3 Nf3+
34. Nxf3 Qxf3 35. Bf2 h5 36. Bg2 Qf6 37. Ra1 hxg4 38. hxg4 Re6 39. Rb1 Qe7 40.
Re1 Rxe1+ 41. Qxe1 Qg5 42. Qd1 b6 43. Be4 f5 44. Bd5+ Kh7 45. Kf1 fxg4 46. Kg2
Bh5 47. Bg3 Qf6 48. Qf1 Qg5 49. Qf4 Qxf4 50. Bxf4 Bg6 51. Be4 Bxe4+ 52. dxe4
Kg6 53. Kf2 Kf6 54. a4 Ke6 55. Ke2 Kd7 56. Kd3 Kc6 57. e5 Kd7 58. Ke4 Ke6 59.
Bh2 g5 60. Bg3 Ke7 61. Be1 Ke6 62. Bf2 Ke7 63. Bg3 Ke6 64. Be1 Ke7 65. Bd2 Ke6
66. Bxg5 g3 67. Kf3 d3 68. Bd2 Kxe5 69. Kxg3 Ke4 70. Kf2 1-0

[Event "Chigorin Memorial"]
[Site "St Petersburg"]
[Date "2016.10.22"]
[Round "8.150"]
[White "Shinkevich, Maksim"]
[Black "Pavlov, Mikhail"]
[Result "1-0"]
[WhiteElo "1938"]
[BlackElo "1645"]
[PlyCount "55"]
[EventDate "2016.10.15"]
[EventType "swiss"]
[EventRounds "9"]
[EventCountry "RUS"]

1. d4 d5 2. c4 c6 3. Nc3 dxc4 4. e3 b5 5. a4 b4 6. Ne4 Qd5 7. Nd2 Ba6 8. Qc2 c3
9. bxc3 Bxf1 10. Kxf1 e6 11. c4 Qd8 12. Ne2 Nf6 13. Bb2 c5 14. Rd1 Qc7 15. Ne4
Nbd7 16. d5 e5 17. N2g3 a5 18. Nxf6+ Nxf6 19. Nf5 O-O-O 20. Qd3 g6 21. d6 Qd7
22. Bxe5 Qe6 23. Bxf6 Qxf6 24. Qd5 Kd7 25. Qb7+ Ke6 26. Qd5+ Kd7 27. Ng3 Bxd6
28. Ne4 1-0

[Event "Chigorin Memorial"]
[Site "St Petersburg"]
[Date "2016.10.22"]
[Round "8.151"]
[White "Sokolov, Ilia"]
[Black "Muhtarov, Leonid"]
[Result "1-0"]
[WhiteElo "1762"]
[BlackElo "2044"]
[PlyCount "120"]
[EventDate "2016.10.15"]
[EventType "swiss"]
[EventRounds "9"]
[EventCountry "RUS"]

1. Nf3 Nf6 2. g3 c5 3. Bg2 g6 4. O-O Bg7 5. c4 Nc6 6. Nc3 d5 7. cxd5 Nxd5 8.
Nxd5 Qxd5 9. d3 O-O 10. Be3 Qh5 11. Qc2 b6 12. a3 Bd7 13. Rab1 Rac8 14. Rfc1 e5
15. Qd2 a5 16. Rc4 Nd4 17. Bxd4 cxd4 18. Rxc8 Bxc8 19. b4 Bh6 20. Qe1 a4 21. b5
Be6 22. Qb4 Bb3 23. Qd6 Rc8 24. Qxb6 Bf8 25. Qb7 Rc2 26. Qb8 Qh6 27. b6 Rc1+
28. Rxc1 Qxc1+ 29. Bf1 Qxa3 30. b7 Bd5 31. Qc8 Bxb7 32. Qxb7 Qb4 33. Qd5 Bd6
34. Qa2 Qa3 35. Qxa3 Bxa3 36. Nxe5 Bb2 37. Bg2 Kf8 38. Bd5 f6 39. Nc6 Ke8 40.
Be6 f5 41. Kf1 Bc3 42. e3 dxe3 43. fxe3 Kf8 44. Ke2 Kg7 45. Kd1 Kf6 46. Bc4 g5
47. Ke2 Bb2 48. e4 h5 49. e5+ Bxe5 50. Nxe5 Kxe5 51. Ke3 f4+ 52. gxf4+ gxf4+
53. Kf3 a3 54. h4 Kd4 55. Kxf4 a2 56. Bxa2 Kxd3 57. Kg5 Ke4 58. Kxh5 Kf5 59.
Kh6 Kf6 60. h5 Ke7 1-0

[Event "Chigorin Memorial"]
[Site "St Petersburg"]
[Date "2016.10.22"]
[Round "8.152"]
[White "Gordon, Evgeny"]
[Black "Glazov, Anatoly"]
[Result "1-0"]
[WhiteElo "1988"]
[BlackElo "1763"]
[PlyCount "119"]
[EventDate "2016.10.15"]
[EventType "swiss"]
[EventRounds "9"]
[EventCountry "RUS"]

1. d4 e6 2. c4 Bb4+ 3. Bd2 Bxd2+ 4. Qxd2 d5 5. e3 Nf6 6. Nc3 O-O 7. Nf3 Nc6 8.
Bd3 dxc4 9. Bxc4 e5 10. d5 e4 11. dxc6 exf3 12. Qxd8 Rxd8 13. gxf3 bxc6 14. Ke2
Bf5 15. Rhd1 Rd6 16. Rd2 Rad8 17. Rad1 Kf8 18. e4 Bg6 19. Ke3 Bh5 20. Rxd6 cxd6
21. Rd4 Ke7 22. Bb3 Rb8 23. Ra4 Rb7 24. Ra6 Kd7 25. Ba4 Rc7 26. Nd5 Nxd5+ 27.
exd5 f6 28. Bxc6+ Kd8 29. Ra4 f5 30. Rb4 g5 31. Rb8+ Ke7 32. f4 g4 33. Rb7 Kd8
34. Rxc7 Kxc7 35. Kd4 Bf7 36. Kc4 Kb6 37. b4 a5 38. Kb3 h5 39. Ka4 axb4 40.
Kxb4 h4 41. a3 Bg8 42. a4 Bf7 43. a5+ Ka7 44. Kb5 Bg8 45. Kc4 Ka6 46. Kb4 Ka7
47. Bd7 Bxd5 48. Bxf5 Bf3 49. Kb5 Kb7 50. Be6 Be2+ 51. Bc4 Bf3 52. f5 Bc6+ 53.
Kb4 Kc7 54. f6 Kd8 55. Be6 Bf3 56. Kc4 Ke8 57. Kd4 Bb7 58. Ke3 Kf8 59. Kf4 d5
60. Ke5 1-0

[Event "Chigorin Memorial"]
[Site "St Petersburg"]
[Date "2016.10.22"]
[Round "8.153"]
[White "Vasilyev, Alexey"]
[Black "Yurasova, Daria"]
[Result "1-0"]
[WhiteElo "1899"]
[BlackElo "1757"]
[PlyCount "67"]
[EventDate "2016.10.15"]
[EventType "swiss"]
[EventRounds "9"]
[EventCountry "RUS"]

1. e4 e5 2. Nf3 Nc6 3. Bb5 a6 4. Ba4 Nf6 5. O-O b5 6. Bb3 Bb7 7. Re1 Bc5 8. c3
d6 9. d4 Bb6 10. a4 h6 11. h3 O-O 12. Bc2 Re8 13. d5 Ne7 14. b3 Ng6 15. Nbd2
Rc8 16. c4 c6 17. Nf1 Qc7 18. Bd3 cxd5 19. cxd5 Bxd5 20. exd5 e4 21. Bb2 exf3
22. Bxf6 Rxe1 23. Qxe1 fxg2 24. Ng3 gxf6 25. Nf5 Qc3 26. Qd1 Re8 27. Rc1 Qb2
28. Rc2 Qxb3 29. Qf3 Ne5 30. Qxg2+ Ng6 31. Qf3 Qb1+ 32. Kg2 Re1 33. Rc8+ Kh7
34. Bxb1 1-0

[Event "Chigorin Memorial"]
[Site "St Petersburg"]
[Date "2016.10.22"]
[Round "8.154"]
[White "Kievelitz, Bernd"]
[Black "Khochinsky, Andrey"]
[Result "0-1"]
[WhiteElo "1897"]
[BlackElo "1745"]
[PlyCount "64"]
[EventDate "2016.10.15"]
[EventType "swiss"]
[EventRounds "9"]
[EventCountry "RUS"]

1. Nf3 Nf6 2. c4 e6 3. Nc3 d5 4. d4 Bb4 5. e3 O-O 6. a3 Bxc3+ 7. bxc3 c5 8. Bd3
Nc6 9. O-O dxc4 10. Bxc4 cxd4 11. exd4 Qc7 12. Ba2 b6 13. Qc2 Bb7 14. Bg5 Ne7
15. Ne5 Ng6 16. Nxg6 hxg6 17. f3 Bd5 18. c4 b5 19. Bxf6 gxf6 20. c5 Bxa2 21.
Rxa2 Kg7 22. Qe4 Rh8 23. f4 Rad8 24. Rb2 a6 25. a4 Rb8 26. Rfb1 bxa4 27. c6 a3
28. Rb7 Rxb7 29. Rxb7 Qa5 30. Rb1 Qc3 31. Qe1 Qxd4+ 32. Qf2 a2 0-1

[Event "Chigorin Memorial"]
[Site "St Petersburg"]
[Date "2016.10.22"]
[Round "8.155"]
[White "Shmyrin, Mikhail"]
[Black "Prishibilovich, Matvei"]
[Result "0-1"]
[WhiteElo "1871"]
[BlackElo "1707"]
[PlyCount "72"]
[EventDate "2016.10.15"]
[EventType "swiss"]
[EventRounds "9"]
[EventCountry "RUS"]

1. e4 e5 2. Nf3 Nc6 3. d4 exd4 4. Bc4 Nf6 5. e5 d5 6. Bb5 Ne4 7. Nxd4 Bd7 8.
Bxc6 bxc6 9. O-O Bc5 10. Be3 O-O 11. f3 Ng5 12. f4 Ne4 13. Nd2 Be8 14. Nxe4
dxe4 15. c3 Bxd4 16. Bxd4 Qd5 17. Qg4 c5 18. Be3 f5 19. Qe2 c4 20. Rfd1 Qb5 21.
Qf2 a6 22. Bc5 Rf7 23. Ba3 Rd7 24. Rd4 Rad8 25. Rad1 Rxd4 26. Rxd4 Rxd4 27.
Qxd4 Qb6 28. Bc5 Qxb2 29. Qxc4+ Kh8 30. Be3 h6 31. Qxc7 Qe2 32. g3 Qxe3+ 33.
Kg2 Qe2+ 34. Kh3 Qf1+ 35. Kh4 Qg2 36. h3 Qf3 0-1

[Event "Chigorin Memorial"]
[Site "St Petersburg"]
[Date "2016.10.22"]
[Round "8.156"]
[White "Don, Aleksandr"]
[Black "Shkuratov, Vladimir"]
[Result "1-0"]
[WhiteElo "1856"]
[BlackElo "1681"]
[PlyCount "89"]
[EventDate "2016.10.15"]
[EventType "swiss"]
[EventRounds "9"]
[EventCountry "RUS"]

1. d4 Nf6 2. c4 e6 3. Nf3 d5 4. Nc3 c6 5. cxd5 exd5 6. Bg5 Nbd7 7. e3 Be7 8.
Bd3 h6 9. Bh4 O-O 10. Qc2 Re8 11. Bg3 c5 12. O-O c4 13. Bf5 Nf8 14. Rfe1 Nh5
15. Be5 Bf6 16. Rad1 g6 17. Bxc8 Rxc8 18. e4 dxe4 19. Nxe4 Rc6 20. d5 Rb6 21.
Bxf6 Nxf6 22. Nxf6+ Rxf6 23. Rxe8 Qxe8 24. Qxc4 Nd7 25. d6 g5 26. h3 Rf4 27.
Qc7 g4 28. Re1 Re4 29. Rxe4 Qxe4 30. Qxd7 Qb1+ 31. Kh2 gxf3 32. Qe8+ Kg7 33.
Qe5+ Kh7 34. gxf3 Qf1 35. Qd4 Qc1 36. Qe4+ Kg7 37. Qe5+ Kh7 38. d7 Qd2 39. Qf5+
Kg7 40. Kg2 b5 41. Qe5+ Kh7 42. Qe7 Qxb2 43. Qxf7+ Qg7+ 44. Qxg7+ Kxg7 45. d8=Q
1-0

[Event "Chigorin Memorial"]
[Site "St Petersburg"]
[Date "2016.10.22"]
[Round "8.157"]
[White "Vorobyova, Ekaterina"]
[Black "Smirnov, Dmitrii"]
[Result "1-0"]
[WhiteElo "1668"]
[BlackElo "1849"]
[PlyCount "49"]
[EventDate "2016.10.15"]
[EventType "swiss"]
[EventRounds "9"]
[EventCountry "RUS"]

1. e4 e5 2. d4 exd4 3. Qxd4 Nc6 4. Qe3 Nf6 5. Nc3 Bb4 6. Bd2 O-O 7. O-O-O d6 8.
Bc4 Re8 9. Nh3 Bxc3 10. Bxc3 Ne5 11. Bb3 Bd7 12. Ng5 h6 13. h4 Nfg4 14. Qg3
hxg5 15. hxg5 Ng6 16. f4 Rxe4 17. Qh3 Qe8 18. Qh7+ Kf8 19. Qxg7+ Ke7 20. Rde1
Bf5 21. Rxe4+ Bxe4 22. Re1 Kd8 23. Bxf7 Qe7 24. Bf6 Nxf6 25. gxf6 1-0

[Event "Chigorin Memorial"]
[Site "St Petersburg"]
[Date "2016.10.22"]
[Round "8.158"]
[White "Kundianok, Vladislav"]
[Black "Protasova, Anastasia"]
[Result "0-1"]
[WhiteElo "1616"]
[BlackElo "1847"]
[PlyCount "136"]
[EventDate "2016.10.15"]
[EventType "swiss"]
[EventRounds "9"]
[EventCountry "RUS"]

1. e4 c6 2. d4 d5 3. e5 Bf5 4. Nf3 e6 5. Be2 Ne7 6. O-O Nd7 7. Be3 Bg6 8. Nbd2
Nf5 9. g4 Nxe3 10. fxe3 Be7 11. c4 O-O 12. Qe1 f6 13. exf6 Nxf6 14. Ne5 Qc7 15.
c5 Ne4 16. Rxf8+ Bxf8 17. Ndf3 Nf6 18. h4 Nd7 19. Nxd7 Qxd7 20. Ne5 Qe8 21. Qc3
Be7 22. h5 Be4 23. Bd3 Bxd3 24. Nxd3 Bf6 25. b4 Qe7 26. a4 Qc7 27. Kg2 Re8 28.
b5 e5 29. Nxe5 Bxe5 30. dxe5 Rxe5 31. b6 axb6 32. cxb6 Qe7 33. Kf3 Qg5 34. Rg1
Qf6+ 35. Kg2 Qe6 36. Kf3 Re4 37. a5 Rc4 38. Qd3 Qf6+ 39. Qf5 Qd8 40. Rf1 Qe8
41. a6 bxa6 42. b7 Qe4+ 43. Qxe4 dxe4+ 44. Kf4 Rb4 45. Ra1 Rxb7 46. Rxa6 Rc7
47. Kxe4 Kf7 48. Ra8 Kf6 49. Kf4 h6 50. e4 c5 51. Ra6+ Kf7 52. Ra3 c4 53. Rc3
Ke6 54. Rc2 c3 55. Ke3 Ke5 56. Kd3 Kf4 57. Kd4 Rd7+ 58. Kc5 Kxe4 59. Kc6 Rd3
60. Kc5 Kf4 61. Kc4 Rg3 62. Kb3 Kxg4 63. Rh2 Rh3 64. Rg2+ Kxh5 65. Rxg7 Kh4 66.
Rg6 h5 67. Kc2 Rg3 68. Rh6 Kg4 0-1

[Event "Chigorin Memorial"]
[Site "St Petersburg"]
[Date "2016.10.22"]
[Round "8.159"]
[White "Terekhov, Dmitriy"]
[Black "Tsarkov, Mikhail"]
[Result "1-0"]
[WhiteElo "1844"]
[BlackElo "1636"]
[PlyCount "63"]
[EventDate "2016.10.15"]
[EventType "swiss"]
[EventRounds "9"]
[EventCountry "RUS"]

1. Nf3 Nf6 2. b3 g6 3. Bb2 Bg7 4. e3 c6 5. c4 O-O 6. Be2 d5 7. O-O Nbd7 8. cxd5
Nxd5 9. Bxg7 Kxg7 10. d4 N7f6 11. Qc2 Bf5 12. Qb2 a5 13. a3 b5 14. Nbd2 Qb8 15.
Rfc1 Qb7 16. Ne5 Rac8 17. Bd3 Bxd3 18. Nxd3 Nb6 19. Rc2 Nbd7 20. b4 a4 21. Rac1
Rc7 22. h3 Qc8 23. d5 Kg8 24. dxc6 Nb8 25. Ne5 Qe6 26. Rc5 Rfc8 27. Rxb5 Nxc6
28. Rbc5 Nd7 29. Nxd7 Qxd7 30. Qc3 Rd8 31. Nf3 Rdc8 32. b5 1-0

[Event "Chigorin Memorial"]
[Site "St Petersburg"]
[Date "2016.10.22"]
[Round "8.160"]
[White "Pilchin, Uri"]
[Black "Smorodkin, Kirill"]
[Result "0-1"]
[WhiteElo "1839"]
[BlackElo "1627"]
[PlyCount "58"]
[EventDate "2016.10.15"]
[EventType "swiss"]
[EventRounds "9"]
[EventCountry "RUS"]

1. d4 d5 2. c4 c6 3. Nf3 Nf6 4. Nc3 dxc4 5. a4 Bf5 6. e3 Nbd7 7. Bxc4 e6 8. O-O
Be7 9. Re1 O-O 10. e4 Bg6 11. Bg5 h6 12. Bd2 Qc7 13. Rc1 Qd8 14. Qe2 Re8 15.
Red1 Bf8 16. h3 Qb6 17. Bf4 c5 18. e5 Nh7 19. d5 Rad8 20. dxe6 fxe6 21. Bb5 Qc7
22. Ne4 a6 23. Bxd7 Rxd7 24. Rxd7 Qxd7 25. Nxc5 Bxc5 26. Rxc5 Qxa4 27. Rc4 Qb5
28. Nd4 Qd5 29. Nf3 Bd3 0-1

[Event "Chigorin Memorial"]
[Site "St Petersburg"]
[Date "2016.10.22"]
[Round "8.161"]
[White "Makeev, Konstantin"]
[Black "Khlopushin, Dmitriy"]
[Result "0-1"]
[WhiteElo "1525"]
[BlackElo "1824"]
[PlyCount "48"]
[EventDate "2016.10.15"]
[EventType "swiss"]
[EventRounds "9"]
[EventCountry "RUS"]

1. e4 e5 2. Bc4 Nf6 3. d4 exd4 4. Nf3 Nc6 5. e5 d5 6. Bb5 Ne4 7. Nxd4 Bc5 8.
Bxc6+ bxc6 9. Be3 Bxd4 10. Bxd4 Qg5 11. O-O c5 12. Bc3 d4 13. Bxd4 cxd4 14.
Qxd4 Bb7 15. f3 O-O 16. fxe4 Rad8 17. Qxa7 Bxe4 18. Qf2 Qxe5 19. Nc3 Bc6 20.
Rae1 Qg5 21. Rd1 Rb8 22. b3 Rb4 23. a3 Rf4 24. Qg3 Rg4 0-1

[Event "Chigorin Memorial"]
[Site "St Petersburg"]
[Date "2016.10.22"]
[Round "8.162"]
[White "Atovmian, Artem"]
[Black "Koliadintcev, Igor"]
[Result "1-0"]
[WhiteElo "1823"]
[BlackElo "1614"]
[PlyCount "119"]
[EventDate "2016.10.15"]
[EventType "swiss"]
[EventRounds "9"]
[EventCountry "RUS"]

1. e4 c5 2. Nf3 e6 3. d4 cxd4 4. Nxd4 a6 5. Bd3 Nc6 6. Nxc6 bxc6 7. O-O d5 8.
exd5 cxd5 9. Re1 Nf6 10. Bg5 Be7 11. Re3 Qb6 12. b3 Bd7 13. Nd2 Bc6 14. Nf3 Bc5
15. Re2 Ne4 16. Bxe4 dxe4 17. Ne5 h6 18. Be3 Bxe3 19. Rxe3 Rd8 20. Qe1 Bb7 21.
Nc4 Qc5 22. Na5 Ba8 23. c4 f5 24. b4 Qd4 25. Qc3 e5 26. Nb3 Qxc3 27. Rxc3 Rd3
28. Rxd3 exd3 29. Nc5 e4 30. Nxa6 Kd7 31. a4 Re8 32. Re1 Kc6 33. Nc5 Kb6 34.
Nxd3 Bc6 35. a5+ Kc7 36. Nc5 f4 37. h3 e3 38. fxe3 fxe3 39. b5 Ba8 40. Na6+ Kc8
41. Rf1 Be4 42. Nc5 Bg6 43. b6 Kb8 44. a6 e2 45. Re1 Bf5 46. a7+ Ka8 47. Na6
Kb7 48. Nc7 Rc8 49. a8=Q+ Rxa8 50. Nxa8 Kxa8 51. Rxe2 Bd3 52. Ra2+ Kb7 53. c5
Ba6 54. Kf2 g6 55. g3 h5 56. h4 Bb5 57. Ra7+ Kc6 58. Rc7+ Kd5 59. b7 Bc6 60.
b8=Q 1-0

[Event "Chigorin Memorial"]
[Site "St Petersburg"]
[Date "2016.10.22"]
[Round "8.163"]
[White "Golikov, Sergei"]
[Black "Ageeva, Vasilisa"]
[Result "1/2-1/2"]
[WhiteElo "1789"]
[BlackElo "1556"]
[PlyCount "95"]
[EventDate "2016.10.15"]
[EventType "swiss"]
[EventRounds "9"]
[EventCountry "RUS"]

1. Nf3 Nf6 2. g3 Nc6 3. d4 d5 4. Bg2 Bf5 5. O-O g6 6. Re1 Bg7 7. Nh4 Bd7 8. Nc3
O-O 9. Nxd5 Nxd5 10. Bxd5 Bxd4 11. c3 Bf6 12. Bh6 Re8 13. Nf3 e6 14. Bb3 Qe7
15. e4 e5 16. Qe2 Rad8 17. Rad1 Bg4 18. Qe3 Bg7 19. Bxg7 Kxg7 20. Ba4 Qf6 21.
Rxd8 Rxd8 22. Bxc6 Qxf3 23. Qxf3 Bxf3 24. Bxb7 Rb8 25. Bd5 Rxb2 26. Bb3 f5 27.
exf5 gxf5 28. Kf1 Kf6 29. Ra1 h5 30. Re1 e4 31. Re3 Rb1+ 32. Re1 Rb2 33. Re3
Rb1+ 34. Re1 Rb2 35. c4 Kg5 36. c5 Kg4 37. Be6 Rc2 38. h3+ Kg5 39. Bb3 Rxc5 40.
Bd1 Rd5 41. Bxf3 exf3 42. Rc1 Rd2 43. a4 c5 44. Ke1 Re2+ 45. Kf1 Ra2 46. Ke1
Re2+ 47. Kf1 Ra2 48. Ke1 1/2-1/2

[Event "Chigorin Memorial"]
[Site "St Petersburg"]
[Date "2016.10.22"]
[Round "8.164"]
[White "Levi, Netanel"]
[Black "Akhmetshin, Aydar"]
[Result "1-0"]
[WhiteElo "1789"]
[BlackElo "1517"]
[PlyCount "99"]
[EventDate "2016.10.15"]
[EventType "swiss"]
[EventRounds "9"]
[EventCountry "RUS"]

1. e4 c5 2. Nf3 e6 3. g3 d5 4. exd5 exd5 5. d4 Nf6 6. Bg2 Be7 7. O-O O-O 8. Nc3
b6 9. Be3 Bb7 10. Ne5 Nc6 11. Re1 Re8 12. Nxc6 Bxc6 13. Bg5 cxd4 14. Qxd4 Bc5
15. Qd2 Qd6 16. Bxf6 Qxf6 17. Nxd5 Bxd5 18. Bxd5 Red8 19. c4 b5 20. b4 Bd4 21.
Bxa8 Bxa1 22. Qd7 h6 23. Re8+ Rxe8 24. Qxe8+ Kh7 25. Be4+ g6 26. Bd5 Kg7 27. c5
Bd4 28. Qe2 a5 29. a3 axb4 30. axb4 Qe5 31. Qxe5+ Bxe5 32. f4 Bd4+ 33. Kg2 Kf8
34. c6 Bb6 35. Kf3 Ke7 36. Ke4 f5+ 37. Kd3 Bc7 38. Bg8 Kf8 39. Bb3 Ke7 40. Bg8
Kf8 41. Bh7 g5 42. fxg5 hxg5 43. Kd4 Bd6 44. Kd5 Ke7 45. Bxf5 Bc7 46. Kc5 Kf6
47. Kxb5 Kxf5 48. Ka6 Ke6 49. Kb7 Kd6 50. b5 1-0

[Event "Chigorin Memorial"]
[Site "St Petersburg"]
[Date "2016.10.22"]
[Round "8.165"]
[White "Petrov, Maksim"]
[Black "Kvachko, Anastasiya"]
[Result "1/2-1/2"]
[WhiteElo "1367"]
[BlackElo "1780"]
[PlyCount "85"]
[EventDate "2016.10.15"]
[EventType "swiss"]
[EventRounds "9"]
[EventCountry "RUS"]

1. e4 e6 2. d4 d5 3. Nc3 dxe4 4. Nxe4 Nd7 5. Nf3 Ngf6 6. Nxf6+ Nxf6 7. Ne5 c5
8. Bb5+ Bd7 9. Nxd7 Nxd7 10. O-O a6 11. Be2 Be7 12. d5 exd5 13. Qxd5 Qc7 14.
Bf3 Ra7 15. Re1 Nf6 16. Qe5 Qxe5 17. Rxe5 b6 18. Bc6+ Kd8 19. Bg5 Rc7 20. Rae1
Ng8 21. Bxe7+ Nxe7 22. Rd1+ Kc8 23. Bf3 Rf8 24. Rd6 Rd8 25. Rxd8+ Kxd8 26. Kf1
Nc6 27. Bxc6 Rxc6 28. Ke2 Kd7 29. Re3 Re6 30. c4 Kd6 31. Rxe6+ Kxe6 32. Ke3 Ke5
33. f4+ Kf5 34. Kf3 h5 35. g3 g5 36. h3 g4+ 37. hxg4+ hxg4+ 38. Ke3 f6 39. Kd3
Ke6 40. Ke4 f5+ 41. Ke3 b5 42. b3 Kd6 43. Kd3 1/2-1/2

[Event "Chigorin Memorial"]
[Site "St Petersburg"]
[Date "2016.10.22"]
[Round "8.166"]
[White "Valov, Vasilii"]
[Black "Serov, Aleksandr"]
[Result "1/2-1/2"]
[WhiteElo "1779"]
[BlackElo "1505"]
[PlyCount "68"]
[EventDate "2016.10.15"]
[EventType "swiss"]
[EventRounds "9"]
[EventCountry "RUS"]

1. e4 c6 2. d4 d5 3. e5 Bf5 4. h4 h6 5. Ne2 e6 6. Ng3 Bh7 7. c4 Nd7 8. cxd5
cxd5 9. Bd2 Ne7 10. Bb4 Nf5 11. Bxf8 Nxg3 12. Bxg7 Nxh1 13. Bxh8 Qxh4 14. Qd2
O-O-O 15. Bg7 Rg8 16. Bxh6 Nxf2 17. Qxf2 Qxh6 18. Nc3 f6 19. exf6 Nxf6 20. Ne2
Nh5 21. Rc1+ Kb8 22. Qf7 Rc8 23. Rxc8+ Kxc8 24. Qe8+ Kc7 25. Qe7+ Kc8 26. Qc5+
Kb8 27. Qd6+ Kc8 28. g4 Ng7 29. Qf8+ Kd7 30. Qf7+ Kc8 31. Qf8+ Kd7 32. Qf7+ Kc8
33. Qf8+ Kd7 34. Qf7+ Kc8 1/2-1/2

[Event "Chigorin Memorial"]
[Site "St Petersburg"]
[Date "2016.10.22"]
[Round "8.168"]
[White "Fridman, Grigory"]
[Black "Kirianova, Evgeniia"]
[Result "1-0"]
[WhiteElo "1840"]
[BlackElo "1219"]
[PlyCount "65"]
[EventDate "2016.10.15"]
[EventType "swiss"]
[EventRounds "9"]
[EventCountry "RUS"]

1. e4 c5 2. Nf3 Nc6 3. Bb5 g6 4. O-O Bg7 5. c3 Nf6 6. Re1 O-O 7. h3 d6 8. Bxc6
bxc6 9. d4 Bxh3 10. gxh3 Qd7 11. Kg2 h5 12. e5 Ng4 13. e6 fxe6 14. hxg4 e5 15.
Nh2 exd4 16. Qe2 Be5 17. f4 Qe6 18. fxe5 Qd5+ 19. Qe4 Qf7 20. Rf1 Qg7 21. exd6
Rxf1 22. Nxf1 e5 23. Bg5 Rf8 24. d7 Qxd7 25. Qxg6+ Qg7 26. gxh5 Qxg6 27. hxg6
d3 28. Nbd2 Rf5 29. Be7 Kg7 30. Ne3 Rf4 31. Rf1 Ra4 32. a3 Ra5 33. Rf6 1-0

[Event "Chigorin Memorial"]
[Site "St Petersburg"]
[Date "2016.10.22"]
[Round "8.169"]
[White "Babotin, Ivan"]
[Black "Moshkov, Vyacheslav"]
[Result "0-1"]
[WhiteElo "1465"]
[BlackElo "1826"]
[PlyCount "74"]
[EventDate "2016.10.15"]
[EventType "swiss"]
[EventRounds "9"]
[EventCountry "RUS"]

1. e4 e5 2. f4 d5 3. exd5 exf4 4. Nc3 Qh4+ 5. Ke2 Nf6 6. Nf3 Bg4 7. Qe1 Qh5 8.
Kf2+ Kd8 9. d4 Bxf3 10. gxf3 Bd6 11. Bc4 Nbd7 12. Qg1 Nb6 13. Bb3 a5 14. a3 a4
15. Ba2 Re8 16. Bd2 Qh4+ 17. Kf1 Qh3+ 18. Qg2 Qxg2+ 19. Kxg2 Nfxd5 20. Rhe1
Nxc3 21. bxc3 g5 22. Bxf7 Re7 23. Bh5 Nc4 24. Rxe7 Kxe7 25. Re1+ Kf6 26. Bc1
Bxa3 27. Bxa3 Nxa3 28. Re8 Rxe8 29. Bxe8 c6 30. d5 Nc4 31. dxc6 bxc6 32. Bxc6
a3 33. Bd5 a2 34. Bxc4 a1=Q 35. Bd3 Qxc3 36. Bxh7 Qd2+ 37. Kh3 Qd7+ 0-1